Sports Quiz

Random Sports or MLB Quiz

2012 MLB GMs Quiz Stats

 Plays Quiz not verified by Sporcle

Challenge
Share
Tweet
Embed
Score 0/30 Timer 05:00
0 Plays Today
% Correct
Billy Beane
64.8%
Brian Cashman
60.2%
Brian Sabean
58.3%
Ruben Amaro Jr.
57.4%
Kenny Williams
55.6%
Dave Dombrowski
53.7%
Sandy Alderson
53.7%
Alex Anthopoulos
50%
Mike Rizzo
50%
Walt Jocketty
48.1%
Ned Colletti
48.1%
Ben Cherington
47.2%
Dayton Moore
47.2%
Jon Daniels
47.2%
Frank Wren
46.3%
% Correct
Neal Huntington
45.4%
Jack Zduriencik
44.4%
Dan Duquette
43.5%
Andrew Friedman
43.5%
Kevin Towers
42.6%
Doug Melvin
42.6%
Jed Hoyer
41.7%
Jerry DiPoto
40.7%
Terry Ryan
39.8%
John Mozeliak
39.8%
Chris Antonetti
31.5%
Dan O'Dowd
31.5%
Jeff Luhnow
31.5%
Josh Byrnes
29.6%
Michael Hill
24.1%

You're not logged in!

Compare scores with friends on all Sporcle quizzes.
Join for Free
OR
Log In

You Might Also Like...

Show Comments

Extras

Top Quizzes Today


Score Distribution

Your Account Isn't Verified!

In order to create a playlist on Sporcle, you need to verify the email address you used during registration. Go to your Sporcle Settings to finish the process.

Report this User

Report this user for behavior that violates our Community Guidelines.

Details: